Głód

Podrobná bibliografia
Hlavný autor: Karika, Jozef, 1978- (Autor)
Ďalší autori: Śmigielski, Mirosław, 1982- (Prekladateľ)
Médium: Kniha
Jazyk:poľština
slovenčina
Fyzický popis:226 strán 20 cm
Vydavateľské údaje: Wołów Stara Szkoła 2023
ISBN:9788367889056
Predmet:

MARC

LEADER 00000cam a2200000 4500
001 vtls012269889
003 SK-MaSNL
005 20260301080638.0
008 250123s2023 pl g 000 f pol
015 |a SNBZSA2025/09 
020 |a 9788367889056  |q (viazané) 
040 |a SNK  |b slo  |c SNK  |e rda 
041 1 |a pol  |h slo 
044 |a pl  |c PL 
072 7 |a 821.162.4-3  |x Slovenská próza  |2 konspekt 
080 |a 821.162.4-31  |2 2011 
080 |a (0:82-312.4)  |2 2011 
100 1 |a Karika, Jozef,  |d 1978-  |4 aut  |9 100728 
240 1 0 |a Hlad  |l Poľsky 
245 1 0 |a Głód  |c Jozef Karika ; Ze słowackiego przełożył Mirosław Śmigielski 
264 1 |a Wołów  |b Stara Szkoła  |c 2023 
300 |a 226 strán  |c 20 cm 
336 |a text  |b txt  |2 rdacontent 
337 |a bez média  |b n  |2 rdamedia 
338 |a zväzok  |b nc  |2 rdacarrier 
500 |a Preložené zo slovenčiny 
500 |a Obsahuje profesijné údaje o autorovi na záložke obalu publikácie 
655 7 |a slovenské romány  |2 SNKPH  |9 70324 
655 7 |a detektívne romány  |2 SNKPH  |9 70455 
655 7 |a Slovak fiction  |2 SNKPHeng  |9 277096 
655 7 |a Detective novels  |2 SNKPHeng  |9 121444 
700 1 |a Śmigielski, Mirosław,  |d 1982-  |4 trl  |9 205426 
852 |a Slovenská národná knižnica 
919 |a 978-83-67889-05-6 
954 |a beletria pôvodná (slovenská)  |2 lita 
958 |a ZS 
958 |a LX 
958 |a UP 
968 |b SLO 
999 |c 653739  |d 655669 
952 |a SNK  |b SNK  |y PREZ  |7 0  |p 17A1566409  |o snkSD 93402  |i snk2025/8244  |8 2  |g 11.75  |0 0  |1 0  |4 0  |d 2025-01-23  |l 0  |r 2026-02-23 18:29:15  |w 2026-02-23 
952 |a SNK  |b SNK  |y NEVYP  |7 1  |o snkSD 93402 D1  |i snk  |8 1  |0 0  |1 0  |4 0  |d 2026-02-10  |l 0  |r 2026-02-23 18:29:15  |w 2026-02-23